Text book of surveying (Record no. 9715)

000 -LEADER
fixed length control field 00462nam a2200193 4500
001 - CONTROL NUMBER
control field 9715
003 - CONTROL NUMBER IDENTIFIER
control field BD-DhUET
008 - FIXED-LENGTH DATA ELEMENTS--GENERAL INFORMATION
fixed length control field 150201b xxu||||| |||| 00| 0 eng d
040 ## - CATALOGING SOURCE
Original cataloging agency DLC
Transcribing agency DLC
Modifying agency BD-DhUET
082 ## - DEWEY DECIMAL CLASSIFICATION NUMBER
Classification number 526.9
Item number SHA/1982
100 ## - MAIN ENTRY--PERSONAL NAME
Personal name Shajahan, M.
245 ## - TITLE STATEMENT
Title Text book of surveying
250 ## - EDITION STATEMENT
Edition statement 1st ed.
260 ## - PUBLICATION, DISTRIBUTION, ETC. (IMPRINT)
Place of publication, distribution, etc. Dacca
Name of publisher, distributor, etc. Kazi Mahfuzur Rahman
Date of publication, distribution, etc. 1982
300 ## - PHYSICAL DESCRIPTION
Extent x, 367p.
Other physical details ill.
650 #0 - SUBJECT ADDED ENTRY--TOPICAL TERM
Topical term or geographic name as entry element Surveying
700 ## - ADDED ENTRY--PERSONAL NAME
Personal name Aziz, M. A.
942 ## - ADDED ENTRY ELEMENTS (KOHA)
Koha item type General Book
Holdings
Koha date last borrowed Copy number Date acquired Koha out on loan Not for loan Source of classification or shelving scheme Koha full call number Lost status Sublocation or collection (holding branch) Koha normalized classification for sorting Piece designation (barcode) Location (home branch) Koha issues (times borrowed) Withdrawn status Damaged status Price effective from Koha item type Koha date last seen Shelving location
2024-11-1912015-02-01   526.9/SHA/1982 Central Library, BUET526_900000000000000_SHA_198256198 Central Library, BUET7  2015-02-01General Book2025-12-02Circulation section
2024-11-1922015-03-242024-12-03  526.9/SHA/1982 Central Library, BUET526_900000000000000_SHA_198256200Central Library, BUET8  2015-03-24General Book2024-11-19Circulation section
 32015-06-08   526.9/SHA/1982 Central Library, BUET526_900000000000000_SHA_198256191Central Library, BUET   2015-06-08Reading Item2015-06-08Reading section
 42015-06-08   526.9/SHA/1982 Central Library, BUET526_900000000000000_SHA_198256195Central Library, BUET   2015-06-08Reading Item2015-06-08Reading section
 52015-06-09   526.9/SHA/1982 Central Library, BUET526_900000000000000_SHA_198256192Central Library, BUET   2015-06-09Reading Item2015-06-09Reading section
 62015-06-13   526.9/SHA/1982 Central Library, BUET526_900000000000000_SHA_198256194Central Library, BUET   2015-06-13Reading Item2015-06-13Reading section